<?xml version="1.0" encoding="UTF-8"?>
<record
    xmlns:xsi="http://www.w3.org/2001/XMLSchema-instance"
    xsi:schemaLocation="http://www.loc.gov/MARC21/slim http://www.loc.gov/standards/marcxml/schema/MARC21slim.xsd"
    xmlns="http://www.loc.gov/MARC21/slim">

  <leader>02494nam0a2200433   4500</leader>
  <controlfield tag="001">RU\NLR\BIBL_A\011009619</controlfield>
  <controlfield tag="005">20260407135517.0</controlfield>
  <datafield tag="010" ind1=" " ind2=" ">
    <subfield code="a">978-5-905995-12-5</subfield>
    <subfield code="9">250</subfield>
  </datafield>
  <datafield tag="021" ind1=" " ind2=" ">
    <subfield code="a">RU</subfield>
    <subfield code="b">2016-14268</subfield>
    <subfield code="9">921</subfield>
  </datafield>
  <datafield tag="035" ind1=" " ind2=" ">
    <subfield code="a">(NLR Aleph) 011009619</subfield>
  </datafield>
  <datafield tag="035" ind1=" " ind2=" ">
    <subfield code="a">(NILC)RuMoRGB-008156171</subfield>
  </datafield>
  <datafield tag="090" ind1=" " ind2=" ">
    <subfield code="a">11015684</subfield>
    <subfield code="c">11015684</subfield>
  </datafield>
  <datafield tag="100" ind1=" " ind2=" ">
    <subfield code="a">20160315d2015    k  y0rusy50      ca</subfield>
  </datafield>
  <datafield tag="101" ind1="0" ind2=" ">
    <subfield code="a">rus</subfield>
  </datafield>
  <datafield tag="102" ind1=" " ind2=" ">
    <subfield code="a">RU</subfield>
  </datafield>
  <datafield tag="105" ind1=" " ind2=" ">
    <subfield code="a">acb|z|||000yy</subfield>
  </datafield>
  <datafield tag="200" ind1="1" ind2=" ">
    <subfield code="a">&#x412;&#x43E;&#x440;&#x43E;&#x43D;&#x435;&#x436;&#x441;&#x43A;&#x430;&#x44F; &#x43E;&#x431;&#x43B;&#x430;&#x441;&#x442;&#x44C;: &#x438;&#x441;&#x442;&#x43E;&#x440;&#x438;&#x44F; &#x438; &#x441;&#x442;&#x430;&#x442;&#x438;&#x441;&#x442;&#x438;&#x43A;&#x430;</subfield>
    <subfield code="f">[&#x421;.&#x412;. &#x413;&#x440;&#x438;&#x446;&#x435;&#x43D;&#x43A;&#x43E;, &#x415;.&#x412;. &#x41A;&#x438;&#x441;&#x435;&#x43B;&#x435;&#x432;&#x430;, &#x41D;.&#x42E;. &#x41D;&#x435;&#x446;&#x435;&#x43F;&#x43B;&#x44F;&#x435;&#x432;&#x430; &#x438; &#x434;&#x440;.</subfield>
    <subfield code="g">&#x43F;&#x43E;&#x434; &#x440;&#x435;&#x434;. &#x418;.&#x412;. &#x421;&#x43E;&#x43B;&#x43E;&#x432;&#x44C;&#x435;&#x432;&#x43E;&#x439;]</subfield>
    <subfield code="g">&#x424;&#x435;&#x434;&#x435;&#x440;. &#x441;&#x43B;&#x443;&#x436;&#x431;&#x430; &#x433;&#x43E;&#x441;. &#x441;&#x442;&#x430;&#x442;&#x438;&#x441;&#x442;&#x438;&#x43A;&#x438;, &#x422;&#x435;&#x440;&#x440;&#x438;&#x442;. &#x43E;&#x440;&#x433;&#x430;&#x43D; &#x424;&#x435;&#x434;&#x435;&#x440;. &#x441;&#x43B;&#x443;&#x436;&#x431;&#x44B; &#x433;&#x43E;&#x441;. &#x441;&#x442;&#x430;&#x442;&#x438;&#x441;&#x442;&#x438;&#x43A;&#x438; &#x43F;&#x43E; &#x412;&#x43E;&#x440;&#x43E;&#x43D;&#x435;&#x436;. &#x43E;&#x431;&#x43B;.</subfield>
  </datafield>
  <datafield tag="210" ind1=" " ind2=" ">
    <subfield code="a">&#x412;&#x43E;&#x440;&#x43E;&#x43D;&#x435;&#x436;</subfield>
    <subfield code="c">&#x412;&#x43E;&#x440;&#x43E;&#x43D;&#x435;&#x436;&#x441;&#x442;&#x430;&#x442;</subfield>
    <subfield code="d">2015</subfield>
  </datafield>
  <datafield tag="215" ind1=" " ind2=" ">
    <subfield code="a">263 &#x441;.</subfield>
    <subfield code="c">&#x446;&#x432;. &#x438;&#x43B;., &#x43F;&#x43E;&#x440;&#x442;&#x440;., &#x43A;&#x430;&#x440;&#x442;.</subfield>
    <subfield code="d">21</subfield>
  </datafield>
  <datafield tag="300" ind1=" " ind2=" ">
    <subfield code="a">&#x410;&#x432;&#x442;. &#x443;&#x43A;&#x430;&#x437;&#x430;&#x43D;&#x44B; &#x43D;&#x430; &#x43E;&#x431;&#x43E;&#x440;&#x43E;&#x442;&#x435; &#x442;&#x438;&#x442;. &#x43B;.</subfield>
  </datafield>
  <datafield tag="320" ind1=" " ind2=" ">
    <subfield code="a">&#x411;&#x438;&#x431;&#x43B;&#x438;&#x43E;&#x433;&#x440;.: &#x441;. 252-262 (173 &#x43D;&#x430;&#x437;&#x432;.) &#x438; &#x432; &#x43F;&#x43E;&#x434;&#x441;&#x442;&#x440;&#x43E;&#x447;. &#x43F;&#x440;&#x438;&#x43C;&#x435;&#x447;.</subfield>
  </datafield>
  <datafield tag="607" ind1=" " ind2=" ">
    <subfield code="a">&#x412;&#x43E;&#x440;&#x43E;&#x43D;&#x435;&#x436;&#x441;&#x43A;&#x430;&#x44F; &#x43E;&#x431;&#x43B;&#x430;&#x441;&#x442;&#x44C;</subfield>
    <subfield code="x">&#x41D;&#x430;&#x440;&#x43E;&#x434;&#x43D;&#x43E;&#x435; &#x445;&#x43E;&#x437;&#x44F;&#x439;&#x441;&#x442;&#x432;&#x43E;</subfield>
    <subfield code="y">&#x421;&#x442;&#x430;&#x442;&#x438;&#x441;&#x442;&#x438;&#x43A;&#x430;</subfield>
    <subfield code="9">2615153</subfield>
    <subfield code="3">RU\NLR\AUTH\661551712</subfield>
  </datafield>
  <datafield tag="607" ind1=" " ind2=" ">
    <subfield code="a">&#x412;&#x43E;&#x440;&#x43E;&#x43D;&#x435;&#x436;&#x441;&#x43A;&#x430;&#x44F; &#x43E;&#x431;&#x43B;&#x430;&#x441;&#x442;&#x44C;</subfield>
    <subfield code="x">&#x418;&#x441;&#x442;&#x43E;&#x440;&#x438;&#x44F;</subfield>
    <subfield code="9">1375397</subfield>
    <subfield code="3">RU\NLR\AUTH\66262959</subfield>
  </datafield>
  <datafield tag="675" ind1=" " ind2=" ">
    <subfield code="a">908</subfield>
  </datafield>
  <datafield tag="686" ind1="1" ind2=" ">
    <subfield code="a">&#x422;3(2&#x420;-4&#x412;&#x440;)0,02</subfield>
  </datafield>
  <datafield tag="686" ind1="1" ind2=" ">
    <subfield code="a">&#x423;03(2&#x420;-4&#x412;&#x440;)-05</subfield>
  </datafield>
  <datafield tag="701" ind1=" " ind2="1">
    <subfield code="a">&#x413;&#x440;&#x438;&#x446;&#x435;&#x43D;&#x43A;&#x43E;</subfield>
    <subfield code="b">&#x421;. &#x412;.</subfield>
    <subfield code="c">&#x43A;&#x430;&#x43D;&#x434;. &#x44D;&#x43A;&#x43E;&#x43D;. &#x43D;&#x430;&#x443;&#x43A;</subfield>
    <subfield code="g">&#x421;&#x435;&#x440;&#x433;&#x435;&#x439; &#x412;&#x438;&#x43A;&#x442;&#x43E;&#x440;&#x43E;&#x432;&#x438;&#x447;</subfield>
    <subfield code="9">192699</subfield>
    <subfield code="3">RU\NLR\AUTH\770192750</subfield>
  </datafield>
  <datafield tag="701" ind1=" " ind2="1">
    <subfield code="8">rus</subfield>
    <subfield code="7">ca</subfield>
    <subfield code="a">&#x41A;&#x438;&#x441;&#x435;&#x43B;&#x435;&#x432;&#x430;</subfield>
    <subfield code="b">&#x415;. &#x412;.</subfield>
    <subfield code="c">&#x44D;&#x43A;&#x43E;&#x43D;&#x43E;&#x43C;&#x438;&#x441;&#x442;-&#x441;&#x442;&#x430;&#x442;&#x438;&#x441;&#x442;&#x438;&#x43A;</subfield>
    <subfield code="g">&#x415;&#x43B;&#x435;&#x43D;&#x430; &#x412;&#x430;&#x441;&#x438;&#x43B;&#x44C;&#x435;&#x432;&#x43D;&#x430;</subfield>
    <subfield code="3">RU\NLR\AUTH\77124912</subfield>
    <subfield code="9">107837</subfield>
  </datafield>
  <datafield tag="701" ind1=" " ind2="1">
    <subfield code="a">&#x41D;&#x435;&#x446;&#x435;&#x43F;&#x43B;&#x44F;&#x435;&#x432;&#x430;</subfield>
    <subfield code="b">&#x41D;.&#x42E;.</subfield>
  </datafield>
  <datafield tag="702" ind1=" " ind2="1">
    <subfield code="4">340</subfield>
    <subfield code="a">&#x421;&#x43E;&#x43B;&#x43E;&#x432;&#x44C;&#x435;&#x432;&#x430;</subfield>
    <subfield code="b">&#x418;. &#x412;.</subfield>
    <subfield code="c">&#x44D;&#x43A;&#x43E;&#x43D;&#x43E;&#x43C;&#x438;&#x441;&#x442;, &#x441;&#x442;&#x430;&#x442;&#x438;&#x441;&#x442;&#x438;&#x43A;&#x430;</subfield>
    <subfield code="f">1961-</subfield>
    <subfield code="g">&#x418;&#x440;&#x438;&#x43D;&#x430; &#x412;&#x43B;&#x430;&#x434;&#x438;&#x43C;&#x438;&#x440;&#x43E;&#x432;&#x43D;&#x430;</subfield>
    <subfield code="9">160726</subfield>
    <subfield code="3">RU\NLR\AUTH\770160768</subfield>
  </datafield>
  <datafield tag="712" ind1="0" ind2="1">
    <subfield code="4">570</subfield>
    <subfield code="a">&#x420;&#x43E;&#x441;&#x441;&#x438;&#x439;&#x441;&#x43A;&#x430;&#x44F; &#x424;&#x435;&#x434;&#x435;&#x440;&#x430;&#x446;&#x438;&#x44F;</subfield>
    <subfield code="b">&#x424;&#x435;&#x434;&#x435;&#x440;&#x430;&#x43B;&#x44C;&#x43D;&#x430;&#x44F; &#x441;&#x43B;&#x443;&#x436;&#x431;&#x430; &#x433;&#x43E;&#x441;&#x443;&#x434;&#x430;&#x440;&#x441;&#x442;&#x432;&#x435;&#x43D;&#x43D;&#x43E;&#x439; &#x441;&#x442;&#x430;&#x442;&#x438;&#x441;&#x442;&#x438;&#x43A;&#x438;</subfield>
    <subfield code="b">&#x422;&#x435;&#x440;&#x440;&#x438;&#x442;&#x43E;&#x440;&#x438;&#x430;&#x43B;&#x44C;&#x43D;&#x44B;&#x439; &#x43E;&#x440;&#x433;&#x430;&#x43D; &#x43F;&#x43E; &#x412;&#x43E;&#x440;&#x43E;&#x43D;&#x435;&#x436;&#x441;&#x43A;&#x43E;&#x439; &#x43E;&#x431;&#x43B;&#x430;&#x441;&#x442;&#x438;</subfield>
    <subfield code="3">RU\NLR\AUTH\8810082131</subfield>
    <subfield code="9">666449</subfield>
  </datafield>
  <datafield tag="801" ind1=" " ind2="0">
    <subfield code="a">RU</subfield>
    <subfield code="b">&#x420;&#x413;&#x411;</subfield>
    <subfield code="c">20160224</subfield>
    <subfield code="g">RCR</subfield>
  </datafield>
  <datafield tag="801" ind1=" " ind2="2">
    <subfield code="a">RU</subfield>
    <subfield code="b">&#x420;&#x413;&#x411;</subfield>
    <subfield code="c">20160229</subfield>
    <subfield code="g">rcr</subfield>
  </datafield>
  <datafield tag="801" ind1=" " ind2="1">
    <subfield code="a">RU</subfield>
    <subfield code="b">&#x420;&#x413;&#x411;</subfield>
    <subfield code="c">20160224</subfield>
    <subfield code="2">rusmarc</subfield>
  </datafield>
  <datafield tag="942" ind1=" " ind2=" ">
    <subfield code="c">BOOK</subfield>
  </datafield>
  <datafield tag="980" ind1=" " ind2=" ">
    <subfield code="a">NBR</subfield>
  </datafield>
  <datafield tag="980" ind1=" " ind2=" ">
    <subfield code="a">NB</subfield>
  </datafield>
</record>
